Statistiken für Wien - Quiz

Klicken Sie hier um das Quiz zu spielen!

Allgemein

  • Dieses Quiz wurde 1.887 mal gespielt
    (1.754 seit der letzten Aktualisierung)
  • Das Durchschnittsergebnis liegt bei 10 aus 20

Antwortstatistiken

HinweisAntwort% Korrekt
Hauptallee, Riesenrad, LusthausPrater
81%
Bundesland, das Wien umgibtNiederösterreich
79%
Eine Torte oder ein HotelSacher
77%
Die nächste HauptstadtBratislava
72%
Gründer der Psychoanalyse,
bewohnte Berggasse 19
Sigmund Freud
64%
Nachbargemeinde mit FlughafenSchwechat
57%
Bezirk, bekannt für sein BierOttakring
54%
Größte Einkaufstraße WiensMariahilfer Straße
51%
Einziges Gebäude auf dem U-Bahn-NetzplanStephansdom
51%
Komponist des DonauwalzersJohann Strauss
48%
Maler von "Der Kuss"Gustav Klimt
47%
Amtssitz des BundespräsidentenHofburg
43%
Straße, auf dem früheren Areal
der Stadtmauer
Ringstraße
41%
Käsekrainer laut echten Wiener*innenEitrige
38%
Höchstes GebäudeDonauturm
35%
Amtierender BürgermeisterMichael Ludwig
32%
Römisches Legionslager auf dem
Gebiet des heutigen Wiens
Vindobona
23%
Auf dieser Straße steht die
Wiener Pestsäule
Graben
22%
Lokalität des bekanntesten NeujahrskonzertsMusikverein
18%
Statue, mittig vor dem ParlamentPallas Athene
18%

Verteilung der Resultate

Perzentil nach korrekt beantworteten Fragen

Anzahl Personen mit jedem Resultat

Ihre Resultats-Entwicklung

Sie haben dieses Quiz seit der letzten Aktualisierung nicht gespielt